| 000 | 01565nam0a2200337 4500 | ||
|---|---|---|---|
| 001 | RU\NLR\b_ik\124363 | ||
| 005 | 20250616225511.0 | ||
| 035 | _a(NLR Aleph) 002197836 | ||
| 090 |
_a3000197 _c3000197 |
||
| 100 | _a20050301d2003 |||y0rusy50 ca | ||
| 101 | 0 |
_aeng _drus |
|
| 102 | _aRU | ||
| 105 | _aa ||||||||| | ||
| 200 | 1 |
_aThe preparing of an experiment for search the spin-dependent interactions of WIMP _fB.M. Ovchinnikov, V.V. Parusov |
|
| 210 |
_aM. _cInst. for nuclear research of the Russ. acad. of sciences _d2003 |
||
| 215 |
_a11, [1] с. _cил. _d30 |
||
| 225 | 1 |
_aPreprint _fInst. for nuclear research of the Russ. acad. of sciences _vINR-1097/2003 |
|
| 300 | _aНа обороте тит. л.: Подготовка эксперимента по поиску спин-зависимых взаимодействий WIMP / Б.М. Овчинников, В.В. Парусов | ||
| 300 | _aНадзаг. также на рус. яз. | ||
| 300 | _aРез. на рус. яз. | ||
| 313 | _aПо русскому изданию N зап. 90972 | ||
| 320 | _aБиблиогр.: с. 6 (24 назв.) | ||
| 517 | 0 | _aПодготовка эксперимента по поиску спин-зависимых взаимодействий WIMP | |
| 606 | 1 |
_aНейтралино _xДетектирование _92193201 _3RU\NLR\AUTH\661318282 |
|
| 686 | 4 | _aВ632.93 | |
| 700 | 1 |
_aOvčinnikov _bB. M. _gBoris Michajlovič _4070 |
|
| 701 | 1 |
_aParusov _bV. V. _4070 |
|
| 801 | 0 |
_aRU _bNLR _c20050301 _gPSBO |
|
| 942 | _cBOOK | ||
| 980 | _aNB | ||